Statistics for Famous Spaniards by Autonomous Community Quiz

Click here to take the quiz!

General Stats

  • This quiz has been taken 20 times
  • The average score is 13 of 17

Answer Stats

PersonAutonomous Community% Correct
RosalíaCatalonia
93%
Enrique IglesiasMadrid
93%
Fernando AlonsoAsturias
87%
AmaiaNavarre
87%
Sergio RamosAndalusia
80%
Rafael NadalBalearic Islands
80%
Ignatius of LoyolaBasque Country
80%
Mariano RajoyGalicia
80%
Blas CantóMurcia
80%
Ferdinand IIAragon
73%
Dominic of SilosLa Rioja
73%
David BustamanteCantabria
67%
Andrés IniestaCastile-La Mancha
67%
José CalderónExtremadura
67%
Miguel BernardeauValencia
67%
David SilvaCanary Islands
60%
Amancio OrtegaCastile and León
60%

Score Distribution

Percentile by Number Answered

Percent of People with Each Score

Your Score History

You have not taken this quiz